| 000 | 01096nam a22003137a 4500 | ||
|---|---|---|---|
| 003 | DO-SdBPM | ||
| 005 | 20250226102459.0 | ||
| 008 | 0607211979 mx a 1 spa | ||
| 017 |
_a _b |
||
| 035 | _a | ||
| 040 |
_aDO-SdBPM _bspa _cBPMSU _e |
||
| 082 | 4 |
_a232.9 _bV648e 1979 _222 |
|
| 092 |
_axxx _bxxx _2 |
||
| 240 | 0 | 4 |
_aThe life and teachings of Jesus and his apostles _lEspañol |
| 245 | 0 | 3 |
_aLa vida y enseñanzas de Cristo y sus Apóstoles : _bmanual del curso (Relig. 211-212) / _h |
| 260 |
_aMéxico : _bIglesia de Jesucristo de los Santos de los Últimos Días, _c1979. _e _f |
||
| 300 |
_a563 p. ; _c29 cm. |
||
| 500 | _aIncluye índice de autores, páginas; 523-542. | ||
| 500 | _aIncluye índice de versículos, páginas; 543-554. | ||
| 500 | _aIncluye índice temático, páginas; 555-563. | ||
| 590 | _aInventariado, 2025/VM | ||
| 600 | 1 | 4 |
_2Jesucristo _xEnseñanza. |
| 650 | 4 |
_aVida espiritual _2 |
|
| 650 | 4 | _2MAGIA - NOVELA | |
| 650 | 4 | _2NOVELA JUVENIL INGLESA | |
| 910 | _aVMateo V. Control de calidad. BPMSU | ||
| 942 |
_2ddc _cBK |
||
| 980 |
_a _a _b _j _c |
||
| 999 |
_c12816 _d12816 |
||